15 największych wysp - Statystyki

Ogólne statystyki
  • Ten quiz został rozwiązany 193 razy
  • Średni wynik to 5 z 15
Statystyki odpowiedzi
powierzchnia nazwa wyspy % Poprawnych
2 130 800 Grenlandia
90%
587 713 Madagaskar
83%
209 331 Wielka Brytania
68%
748 168 Borneo
51%
138 794 Jawa
43%
225 800 Honsiu
38%
443 066 Sumatra
37%
785 753 Nowa Gwinea
29%
111 583 Wyspa Północna
21%
145 836 Wyspa Południowa
21%
180 681 Celebes
16%
507 451 Ziemia Baffina
16%
109 965 Luzon
12%
217 291 Wyspa Wiktorii
10%
196 236 Wyspa Ellesmere’a
5%
Nie znaleziono quizów pasujących do podanych kryteriów
Rozkład punktacji
Procent ludzi z każdym wynikiem
Percentyl według liczby udzielonych odpowiedzi
Twoja historia wyników
Nie rozwiązałeś tego quizu